000
00284nam a2200133Ia 4500
100
_a
Groover/Weiss
942
_c
BK
654
_a
Industrial
245
_a
Industrial Robotics
260
_b
McGraw Hill
_a
Mumbai
_c
1986
082
_a
629.892
_b
GRO
300
_a
546
546
_a
ENGLISH
999
_c
24676
_d
24676